| 000 | 00561nam a22001937a 4500 | ||
|---|---|---|---|
| 003 | OSt | ||
| 005 | 20260422035032.0 | ||
| 008 | 260422b |||||||| |||| 00| 0 eng d | ||
| 020 | _a0-631-22342-8 | ||
| 040 |
_aDWCL-Main lib _cOC |
||
| 082 | _aCirc. 261.7 Sc425 2004 | ||
| 100 | _aScott, Peter | ||
| 245 |
_aThe blackwell companion to political theology/ _cScott, Peter |
||
| 260 |
_bBlackwell Publishing, _cc2004 |
||
| 300 |
_ax, 566 pages. ; _c25 cm. |
||
| 650 | _aPolitical theology | ||
| 700 | _aCavanaugh, William | ||
| 942 |
_2ddc _cBK-CIRC _hCirc. _n0 |
||
| 999 |
_c9663 _d9663 |
||